000 00503nam a2200097Ia 4500
008 170517s9999 xx 000 0 und d
245 _aKing Corn: You Are What You Eat
300 _aWhen Ian Cheney and his best friend Curt Ellis graduated from college they thought they were done with professors and they supposed to feel like they had their whole lives ahead of them, but they just heard some rather...
650 _xTechnology.
856 _uhttp://topdocumentaryfilms.com/king-corn-you-are-what-you-eat/
999 _c335053
_d335053